[Event "Dieren op"]
[Site "Dieren"]
[Date "1999.07.22"]
[Round "3"]
[White "Mikhalevski, Victor"]
[Black "Odendahl, Reiner"]
[Result "1-0"]
[WhiteElo "2516"]
[BlackElo "2332"]
[Annotator "Mikhalevski,V"]
[PlyCount "89"]
[EventDate "1999.07.20"]
[EventType "swiss"]
[EventRounds "9"]
[EventCountry "NED"]
[SourceTitle "CBM 071 Extra"]
[Source "ChessBase"]
[SourceDate "1999.09.14"]
[SourceVersion "1"]
[SourceVersionDate "1999.09.14"]
[SourceQuality "1"]

{[%mdl 1]} 1. d4 d6 2. Nf3 g6 3. c4 Bg7 4. Nc3 e5 5. e4 exd4 6. Nxd4 Nc6 7. Be3
Nge7 {Black develops his knight on e7 to support programme advance f7-f5.} 8.
Be2 O-O 9. O-O f5 10. Nxc6 {White has to be careful.} ({After inaccurate} 10.
exf5 $2 {Black comes with unexpected} Bxd4 $1 11. Bxd4 Nxf5 {[%csl Rd4] with
advantage for Black.}) 10... Nxc6 11. Qd2 (11. exf5 Bxf5 12. Qd2 {leads only
to transposition.}) 11... fxe4 12. Nxe4 Bf5 13. Nc3 Kh8 $146 ({Usually Black
starts with} 13... Qf6 {See also Shulman-Rogers,New York,1998 CBM64[Ribli]} 14.
Rfd1 Kh8 15. Rac1 Qf7 16. Nd5 Ne5 17. b3 b6 18. f4 Ng4 19. Bd4 Rae8 20. Bf3 h5
21. h3 Nf6 22. Re1 c5 23. Bc3 Rxe1+ 24. Rxe1 Re8 25. Rxe8+ Nxe8 26. g4 Bd7 27.
Kg2 hxg4 28. hxg4 {Farago,I-Tolnai,T/Lillafured HUN 1999/1/2-1/2 (38)}) 14.
Rac1 $6 {Unfortunate move.Rook belongs to the d1-square.} ({Better were} 14.
Nd5 $5) ({or} 14. Rad1 $5) 14... Qf6 $1 {[%csl Rb2] Because of last White's
move 15.Nd5 is impossible.} 15. Rcd1 $1 {Correcting last move.It's important
to recognize own mistakes.} Rae8 16. Nd5 {Now it's possible.} Qd8 (16... Qf7 $5
) 17. b4 b6 $5 18. c5 (18. b5 $5) 18... dxc5 19. bxc5 Ne5 (19... Ne7 $5 {
deserved serious attention}) 20. Qc1 $1 c6 $6 {It wasn't necessary to
sacrifice a pawn.} (20... Qb8 $142) 21. Nxb6 Qh4 22. Nc4 Ng4 ({Worse is} 22...
Bg4 23. Bxg4 Nxg4 24. Bf4 $16 {[%csl Rh2][%cal Gf4g3]}) 23. Bxg4 Bxg4 {Now
White is a pawn up and can continue quiet, but I have suddenly noticed I can
try to get even more. Here is the way where these thoughts can lead:} 24. Rd4
$3 $138 {[%mdl 512] Surprisingly White sacrifice an exchange. What for? The
following events will explain everything:} (24. f3 $5 Be6 25. Nd6 Rb8 26. Rf2)
24... Bxd4 25. Bxd4+ Kg8 26. Nd6 $1 {[%csl Rg8] Suddenly Black's king feel
uncomfortable. White prepares a battery along the big diagonal by means of Ba1
and Qb2(c3)} (26. Ba1 Be2 27. Qc3 Qf6 28. Qxf6 Rxf6 29. Bxf6 Bxc4 $11) 26...
Be2 {Almost forced and looks very strong. All white pieces are under fire, but.
..} 27. Qc3 $3 {[%csl Rg8][%cal Gc3b3] Clouds around black king has been
thickening.} Rf3 $3 {[%mdl 768] Fantastic defence. Black sacrifices a rook
back in order to free the f8 square for his own king and also create threats
to the White's king.} 28. gxf3 $2 {It's very strange, but this natural moves
is a serious tactical blunder. White allows Black to develop attack which lead
to the position where White's chance are only slightly higher. At the same
time in White's disposal was brlliant opportunity to win the game by
Zugzwang!!!} (28. Qb2 $3 {Would you believe it? White forces Black to take the
rook on f1 and only then takes back on f3!} Bxf1 29. gxf3 $3 {[%csl Rg8][%cal
Gb2b3,Gd6e8] Only this way.} ({After} 29. Nxe8 Bxg2 $1 {Black survives:} (29...
Rf7 $2 30. Nf6+ Rxf6 31. Bxf6 Qg4 32. f3 $1 (32. Kxf1 $4 Qd1#) 32... Qc4 33.
Bh8 $1 Kf7 34. Qf6+ Ke8 35. Qxc6+ $18) 30. Kxg2 (30. Be3 Rf7 (30... Qe7 $5 31.
Kxg2 Rxe3 32. Nf6+ Kf7 33. fxe3 Qxf6 34. Qb7+ Qe7 $1) 31. Qb8 Bf3 32. Nf6+ Kg7
33. Ne8+ $11) 30... Qh3+ 31. Kg1 Qg4+ 32. Kh1 (32. Kf1 Rf7 $1 33. Nf6+ Rxf6 34.
Bxf6 Qd1+ 35. Kg2 Qg4+ $11) 32... Rf7 $1 $11 {and White can't prevent
perpetual check:} 33. Nf6+ (33. Nd6 Qd1+ 34. Kg2 Qg4+ $11) (33. f4 Qd1+ (33...
Qxf4 34. Nd6 Qf3+ 35. Qg2 Qd1+ 36. Bg1 Rf1 {[%cal Gf1g1,Gd1d5] /\R:g1} 37. h3
$13) (33... Qf3+ 34. Kg1 (34. Qg2 Qxg2+ 35. Kxg2 Rxf4 $15) 34... Qg4+ 35. Kh1
Qf3+ $11) 34. Kg2 (34. Bg1 Qf3+ 35. Qg2 Qxg2+ 36. Kxg2 Rxf4) 34... Qg4+ $11)
33... Rxf6 34. Bxf6 Qd1+ 35. Kg2 Qg4+ $11) 29... Bh3 {[%csl Rg1][%cal Rh4g5]
The only defence from unnumerable threats. All Black pieces were in air, but
White has no time to take even one of them as the threat of mate is created.}
30. Qb3+ Be6 31. Qe3 $1 {[%csl Rg8][%cal Ge3e5] The first part of White's plan.
White brings his queen to e5 with tempo.} Re7 (31... Qe7 {doesn't help} 32. Qe5
{[%cal Re5h8]} Kf8 $8 33. Qh8+ Bg8 34. Bf6 $5 (34. Be3 $5 {[%cal Re3h6]} g5 (
34... Qg7 35. Bh6 $1 {[%csl Rf8][%cal Gh8f6]}) 35. Nxe8 Qxe8 36. Qf6+ Qf7 37.
Qxc6 $18) 34... Qe1+ (34... Qd7 35. Nxe8 $18) 35. Kg2 Re7 36. Ne4 $1 Rd7 37.
Be5 $1 {[%cal Ge5d6] /\Bd6+-}) 32. Qe5 Kf8 $8 33. Qh8+ Bg8 {Put your attention
that starting from 28.Qb2 all this line is forced.} 34. Bf6 {[%cal Rf6e7,Rf6h4]
} Re1+ 35. Kg2 {[%cal Rh8g7] /\Qg7} Qh6 {It seems Black has managed to defend,
but here comes} 36. h4 $1 {Creating the threat of mate by means of Bg5-h6!} Re6
$8 ({In case of} 36... g5 {White also wins in style:} 37. Nf5 $1 Qg6 38. h5 $3
{[%mdl 512]} Qxf5 ({or} 38... Qf7 39. Bg7+ Ke8 40. Nd6+ $18) 39. Qg7+ Ke8 40.
Qxg8+ Kd7 41. Qd8+ Ke6 {What now?} 42. Bc3 $3 $18 {Fantastic. Black can't
defend against two threats: 1) Qc8 winning a queen and  2) B:e1 winning a rook.
}) 37. f4 $3 {Look at this picturesque position. Black has a lack of moves.
Only two moves of the a-pawn has remained. So} a6 38. a3 $1 a5 39. a4 $22 $18 {
Zugzwang! This is quite unique. White's domination is fantastic. By the way
all these long variations are forced. It means that playing 28.Qb2!! White
would win with the help of Zugzwang by force!} Re2 $140 40. Bg5 Qg7 41. Bh6 $1
Qxh6 42. Qf6+ Bf7 43. Qxf7#) 28... Qg5+ 29. Kh1 Qf4 $1 {[%cal Ge2f3] Creating
very strong threat.} (29... Bxf1 $2 {loses to} 30. Qb3+ Qd5 (30... Kf8 31. Qf7#
) 31. Qxd5+ cxd5 32. Nxe8 $18) 30. Qb3+ Kf8 31. Bg7+ $3 {I was very lucky to
find this idea as at this critical moment less than half a minute has left on
my clock.} Kxg7 32. Nxe8+ Kf8 33. Rb1 $1 {Again only move. The Rook has to be
defended in case of a check from the first rank.} Bxf3+ 34. Kg1 Qg4+ 35. Kf1
Qg2+ (35... Bg2+ $2 {loses to} 36. Ke1 Qe4+ (36... Bd5 37. Nf6 $1 Qe6+ (37...
Qg1+ 38. Ke2 $18) 38. Qe3 Qxf6 39. Qh6+ Ke8 40. Rb8+ Ke7 41. Qxh7+ Bf7 42. Rb7+
Kf8 (42... Ke8 43. Qh8+ $1) 43. Qh6+ (43. Qxf7+ $5 $18) 43... Ke8 44. Qh8+ $1
Qxh8 45. Rb8+ $18) 37. Kd2 Qd4+ 38. Kc1 Qxc5+ 39. Kb2 Be4 (39... Qxf2+ 40. Ka3
Bd5 41. Rb2 {-35...Q:g2}) (39... Bd5 40. Qa3 Qxa3+ 41. Kxa3 Kxe8 42. Rb7 $18)
40. Rd1 $1 Bd5 (40... Qxf2+ 41. Ka1 $1 Bd5 42. Qa4 $1 Kxe8 $140 43. Rxd5) 41.
Qe3 $1 Qb5+ (41... Qxe3 42. fxe3 Kxe8 43. Rd4 $1 {[%cal Gd4a4] /\Ra4}) 42. Ka1
Qc4 43. Rxd5 $1 cxd5 44. Nd6 Qc6 45. Qa3 $1 $18 {and White wins.}) 36. Ke1 Qg1+
37. Kd2 Qxf2+ 38. Kc3 {After this move perpetual check is inevitable.} ({
The only chance to prolong fight for a win was} 38. Kd3 $1 Qe2+ $1 (38... Bd5
39. Qd1 $1 (39. Qb2 Qf3+ 40. Kd4 Qe4+ 41. Kc3 Qc4+ 42. Kd2 Qf4+ 43. Ke1 Qe4+
44. Kd1 Qd3+ $11) 39... Qxc5 40. Qg4 $1 $14) (38... Be2+ $2 39. Kc3 Qxc5+ 40.
Kb2 $1 (40. Kd2 Bb5 $132) 40... Qd4+ 41. Qc3 $18) 39. Kd4 $1 (39. Kc3 Bd5 $1)
39... Bd5 $1 (39... Qd2+ 40. Qd3 Qf4+ 41. Kc3 Qe5+ 42. Qd4 $18) (39... Qe4+ 40.
Kc3 Qe5+ 41. Kb4 Qd4+ 42. Ka5 Qxc5+ 43. Ka6 $18) 40. Qd3 (40. Qe3 Qg4+ 41. Ke5
Qe6+ (41... Qf5+ $4 42. Kd6 Qxb1 43. Qe7+ Kg8 44. Qg7#) 42. Kd4 (42. Kf4 $4 g5+
) 42... Qg4+ 43. Kc3 Qc4+ 44. Kd2 Qxa2+ 45. Kc1 Qc4+ 46. Kd1 Qf1+ 47. Kc2 Qc4+
48. Kb2 Qa2+ $11) 40... Qf2+ 41. Kc3 (41. Qe3 Qh4+ 42. Ke5 Qe7+ 43. Kd4 Qh4+
44. Kc3 Qc4+ $11 {-40.Qe3}) 41... Qxc5+ 42. Kd2 Qf2+ (42... Kxe8 $5 43. Rb7 $1
Qf2+ 44. Qe2+ Qxe2+ 45. Kxe2 Bxa2 46. Rxh7 $1 $14) 43. Qe2 Qd4+ 44. Ke1 Qc3+
45. Qd2 (45. Kf2 Qc5+ $1 46. Kg3 Qc3+ 47. Kg4 Qd4+ 48. Kg5 $140 $2 (48. Kg3
Qc3+ $11) 48... h6+ 49. Kxg6 (49. Kxh6 Qf4+ 50. Kh7 Bg8+ 51. Kxg6 Bf7+ 52. Kh7
Qh4+) 49... Be4+ 50. Kxh6 Bxb1 $17) 45... Qe5+ 46. Kf1 $1 $14 {with slightly
better position.Certainly nobody can calculate these variations over the board
especially if your flag is going to fall down.}) (38. Kc1 $2 Be4 $1 $17) 38...
Qxc5+ $2 {[%mdl 8192] Decisive mistake. Black was also short of time and
doesn't find the right way to a draw.} (38... Bd5 $1 $11 {was necessary with
perpetual check in all lines.} 39. Qa3 (39. Qc2 $4 Qxc5+ 40. Kb2 Qxc2+ 41. Kxc2
Be4+) (39. Qb4 Qe3+ 40. Kb2 Qf2+ 41. Kc3 Qe3+ $11) (39. Qb2 Qxc5+ 40. Kd3 Qc4+
41. Kd2 Qf4+ $11) (39. Qa4 $6 Qe3+ (39... Qxc5+ $6 40. Kd3) 40. Kb2 Qe5+ $1 41.
Kc1 Qc3+ 42. Qc2 Qxc2+ 43. Kxc2 Be4+ $15) 39... Qe3+ 40. Kb2 (40. Kb4 $4 Qe4+)
40... Qe5+ $1 (40... Qd2+ $4 41. Ka1) 41. Kc1 (41. Qc3 Qxh2+ 42. Kc1 (42. Qc2
$4 Qxc2+ 43. Kxc2 Be4+) 42... Qg1+ $11) 41... Qe1+ $11) 39. Kb2 {Now White
wins.} Qf2+ ({or} 39... Bd5 40. Qa3 Qxa3+ 41. Kxa3 Kxe8 42. Rb7 $18) 40. Ka3
$18 {Checks are over and White gives mate or wins an endgame with an extra
exchange.} Kxe8 (40... Bd5 41. Rb2 $1 Qc5+ (41... Qf1 42. Qb4+ $1 Kxe8 $140 43.
Qb8+ Kf7 44. Rb7+ Ke6 45. Qe8+ Kf5 46. Qf8+ $18) 42. Qb4 Qxb4+ 43. Rxb4 Kxe8
44. Ra4 $1 $18) (40... Qc5+ 41. Qb4 Qxb4+ 42. Rxb4 Kxe8 43. Ra4 $1 $18) 41.
Qe6+ {with forced mate:} Kf8 (41... Kd8 42. Qd6+ Ke8 43. Rb8+ Kf7 44. Rb7+) 42.
Qf6+ Ke8 43. Rb8+ Kd7 44. Rd8+ Kc7 45. Qd6+ ({Black resigned in view of
following variation.} 45. Qd6+ Kb7 46. Rb8+ Ka6 47. Qd3+ Ka5 48. Qc3+ Ka6 49.
Qc4+ Ka5 50. Qa4#) 1-0

[Event "EU-ch 12th"]
[Site "Aix les Bains"]
[Date "2011.03.31"]
[Round "9"]
[White "L'Ami, Erwin"]
[Black "Motylev, Alexander"]
[Result "0-1"]
[WhiteElo "2623"]
[BlackElo "2677"]
[Annotator "Motylev,A"]
[PlyCount "68"]
[EventDate "2011.03.22"]
[EventType "swiss"]
[EventRounds "11"]
[EventCountry "FRA"]
[SourceTitle "CBM 142 Extra"]
[Source "ChessBase"]
[SourceDate "2011.06.27"]
[SourceVersion "1"]
[SourceVersionDate "2011.06.27"]
[SourceQuality "1"]

1. d4 d6 {My performance in the football match that took place on the rest day
(3 goals, 1 pass, and victory of our team 5-2) had inspired me and I decided
to choose this risky but quite aggressive opening.} 2. Nf3 g6 3. g3 Bg7 4. Bg2
Nd7 5. O-O e5 6. c4 Ne7 7. Nc3 O-O 8. e4 exd4 9. Nxd4 Nc6 {Zurab
Azmaiparashvili used to play this system with good results.} 10. Nc2 $6 {
Not the best place for the knight.} ({The main continuations are} 10. Nxc6) ({
and} 10. Nde2) 10... a5 {A useful move.} ({Simple attacking the c4-pawn was
probably enough for getting equality.} 10... Nb6 $5 11. Ne3 Ne5 12. Qe2 Be6 13.
Ncd5 c6 14. Nxb6 Qxb6 15. Rb1 Nxc4 $5 16. Nxc4 Qa6 17. b3 d5 $11) 11. h3 {
Looks logical, but perhaps White already doesn't have time for prophylaxis.} ({
Less risky was} 11. Be3 {and if} Nde5 {-} 12. Qe2 {but here also after} Nb4 $1
({The knight move to g4 promises nothing:} 12... Ng4 13. Bd2) (12... Be6 13.
Nd5 Ng4 14. Bd2) (12... a4 $5 {is interesting.}) 13. Nxb4 axb4 14. Nd5 Bg4 15.
f3 Be6 {Black is slightly better.}) 11... Nc5 12. Be3 ({In the event of} 12.
Ne3 {then} a4 $1 {is unpleasant.}) 12... Be6 13. Qe2 {This natural move allows
Black to execute his 3-moves combination. But the consequences are not so
clear.} (13. Na3 {was safer but hardly pretended for the advantage.}) 13... Qd7
14. Kh2 ({In the event of} 14. Rad1 {I was going to play} b6 {(that is quite
good - the ideas are same as in the game)} ({but the computer shows} 14... Bxc3
$5 15. bxc3 Ne5 {and if} 16. Bxc5 $2 ({White has to play} 16. Rd5 $1 Bxd5 17.
cxd5 Qa4 18. Bxc5 dxc5 19. f4 (19. Ne3 $5) 19... Qc4 20. Qd2 Qd3 21. Qxd3 Nxd3
22. Na3 {with some compensaton for the exchange}) {then} 16... Bxc4 {and White
will lose the whole rook}) 15. Kh2 Bxc3 16. bxc3 Ne5 17. Rd4 Qa4 18. Ra1 $1 $15
) 14... Bxc3 $5 15. bxc3 Ne5 16. Rfd1 $1 {Practically the only move.} ({
Just bad is} 16. Na3 Qa4) 16... Bxc4 ({The immediate} 16... Qa4 {is only
extending White's possibilities.}) 17. Qd2 {Here I wanted to play ...Qa4
immediately but then fall into deep thought and made the move only after
half-an-hour. In the process of thinking I realised that the position is not
clear. The outcome of this thinking was that I criticised myself for spending
a lot of time and losing a lot of optimism:)} Qa4 $1 {Other moves were much
weaker.} (17... Bb5 18. Na3 Ba4 19. f4) (17... Be6 18. Bh6) (17... Qe7 18. Bh6)
(17... Qc6 18. f4) (17... b6 18. Bxc5 bxc5 19. f4 Nc6 20. Ne3) 18. Bh6 ({
Interesting was the positional} 18. Bxc5 $5 {and if Black wants to fight for
the advantage he has to sacrifice two rooks for the queen -} dxc5 19. f4 (19.
Ne3 {leads to the same position after} Rad8 $1 (19... Be6 $2 20. f4 Nc4 21. Qe2
Nxe3 22. Qxe3 Rad8 23. Rxd8 Rxd8 24. f5 {and White is ok}) 20. Qxd8 Rxd8 21.
Rxd8+ Kg7 22. f4) 19... Rad8 $1 (19... Nc6 20. Ne3 Rad8 21. Qf2 $44) 20. Qxd8
Rxd8 21. Rxd8+ Kg7 22. Ne3 (22. Rd2 Nd3 23. Ne3 Ba6 {and Black is better})
22... Nc6 23. Rd2 (23. Rd7 $5 Nd4 (23... Qa3 24. Nxc4 Qxc3 25. Rb1 Qxc4 26.
Rxb7 Nd4 27. Rbxc7 Qxa2) 24. Rxc7 Nc2 25. Nxc4 (25. Nxc2 Qxc2) 25... Qxc4 26.
Rf1 Qe2 $17) 23... Qa3 24. Nxc4 Qxc3 25. Rb1 Qxc4 26. Rxb7 Nd4 27. Rb1 Qc3 28.
Rbd1 Qe3 $17) (18. f4 $6 {is dubious in view of} Bd3) 18... Bd3 ({Black could
try to save his extra-pawn but after} 18... Rfe8 19. Ne3 f6 (19... Be6 $2 20.
f4 $40) 20. Qc1 $5 {White will have good compensation.}) 19. Nd4 ({Worse is} 
19. Ne3 Bxe4 20. f4 Nf3+ 21. Bxf3 Bxf3 22. Rf1 Bc6 $17) 19... Bxe4 (19... Rfe8
{is unclear:} 20. Qf4 (20. Qg5 Ned7 21. Nb3) 20... Ned7 21. Nb3 Ne6 22. Qe3 Bc4
23. f4 $44) ({And} 19... Nxe4 $2 {is just as bad because of} 20. Qe3 $1) 20. f3
$1 (20. Bxf8 {changes nothing:} Rxf8 21. f3 Bd5) ({In the event of} 20. Qf4 {
Black has one only but good move} f5 $1 {with an advantage} 21. Bxf8 Rxf8 22.
f3 Bd5 23. Nxf5 Qxf4 (23... Bxf3 24. Bxf3 Qc2+ 25. Kg1 Nxf3+ 26. Qxf3 Rxf5 27.
Qe3 Re5 $15) 24. Ne7+ Kf7 25. gxf4 Bxf3 26. fxe5 Bxd1 27. exd6 cxd6 28. Nxg6
hxg6 29. Rxd1 Ke7) 20... Bd5 $1 ({Worse is} 20... Bc6 21. Nxc6 Qxc6 22. Qf2)
21. Bxf8 (21. Nf5 $2 Bxf3 $19) (21. Qf4 f5) 21... Rxf8 22. Re1 Re8 (22... Ncd3
{leads to a draw} 23. Re3 c5 24. Nf5 $1 gxf5 25. Rxd3 Nxd3 26. Qg5+ Kh8 27.
Qf6+ Kg8 $11) (22... Qd7 $5 {deserved consideration:} 23. Rad1 {and maybe
Black is slightly better} (23. f4 Nc4 24. Qe2 Bxg2 25. Kxg2 d5 26. Qe7 Qxe7 27.
Rxe7 Rc8 $15) (23. Qc2 f5)) 23. Re3 $2 {Big mistake. Perhaps it's the decisive
moment of the game. White probably underestimated Black's next move.} (23. f4
$1 {was necessary, exchanging some pieces and I think that the postion is
close to a dynamic equality.} Bxg2 (23... Nc4 24. Rxe8+ (24. Qc2 $5 Rxe1 25.
Rxe1 Qxc2 26. Re8+ Kg7 27. Nxc2 $13) 24... Qxe8 25. Re1 Be4 26. Qd1 b6 $13) 24.
Qxg2 Ned3 (24... Nc4 $143 25. Re2 {and White is taking the initiative} Rxe2 ({
dangerous for Black is} 25... Re3 26. Rae1 Rxc3 27. Qd5 Nb6 28. Nf5 $1 gxf5 29.
Qxf5 h6 30. Re8+ Kg7 31. Qg4+ Kf6 $13) 26. Qxe2 d5 27. Qe7 Qa3 $13) 25. Rxe8+ (
25. Re2 $5 $13) 25... Qxe8 26. Rd1 $13) 23... Ne6 $1 {Both players now fall
into time-trouble.} 24. Qe1 $2 {One mistake brings another.} ({I don't like
White's position after exchanging on e6:} 24. Nxe6 fxe6 $36) ({A possible
continuation was} 24. Qc2 Qd7 $5 (24... Qxc2 25. Nxc2 Nc4 26. Re2 $15)) ({
Or even better was admitting the mistake and put the rook back to e1} 24. Ree1
$5) 24... Nxd4 $5 {This leads Black to a good ending.} (24... h5 $5 25. Nxe6
Rxe6 26. Qe2 $15) 25. cxd4 Qxd4 26. Kh1 $6 (26. Rd1 {was better.} Nxf3+ (26...
Qc5 {was not so strong:} 27. Rxd5 (27. Qc3 Qxe3 28. Qxe3 Nxf3+ 29. Qxf3 Bxf3
30. Bxf3 b5 $15) 27... Qxd5 28. f4 Nf3+ 29. Bxf3 Rxe3 30. Qxe3 Qxa2+ 31. Bg2
$15) 27. Rxf3 Rxe1 28. Rxd4 Bxf3 29. Bxf3 b5 {and Black has good chances to
win this ending.}) 26... Re6 27. Qc3 $2 {The last mistake.} ({Much stronger was
} 27. Rd1 $1 {and Black had to find the right way in the complications:} Nxf3
$1 (27... Nd3 $2 28. Rxe6 fxe6 ({even worse is} 28... Bxe6 29. Qd2 $1) 29. Qd2
$1 {and by a miracle White doesn't lose material} Bc4 30. Bf1 Nf2+ 31. Kg2
Bxf1+ 32. Kxf1 Qxd2 33. Rxd2 Nxh3 34. Rc2 $5 {and White is already better.}) (
27... Qc5 $6 28. Rxd5 $1 Qxd5 29. f4 Qxa2 $1 (29... Nf3 30. Rxe6 fxe6 31. Qf1
Nd2 32. Qc1 Qxa2 33. Qxc7 Qa1+ 34. Kh2 Nf1+ 35. Bxf1 Qxf1 36. Qd8+ Kf7 37. Qd7+
Kf6 38. Qxd6 {with chances for a draw}) 30. fxe5 a4 $17) 28. Rxe6 Nxe1 29. Re8+
Kg7 30. Rxd4 Bxg2+ 31. Kg1 Nf3+ 32. Kxg2 Nxd4 {and Black is probably winning
but the work hasn't done yet.}) 27... Nc6 $1 28. Rd3 Qxc3 29. Rxc3 Re7 ({
The safer way} 29... Re2 {also wins} 30. a4 Nd4 31. Rxc7 Bxf3 32. Rg1 Rf2 $19)
30. Rb1 (30. f4 Bxg2+ 31. Kxg2 Nd4 {was better, but anyway Black must be
winning here.}) 30... Nd4 31. Rb2 (31. Ra3 Re2 32. Rxa5 Bxf3 33. Rg1 b5 $19)
31... b5 $1 32. Ra3 a4 33. Rd3 c5 34. a3 Bc4 0-1

[Event "Kemerovo2"]
[Site "Kemerovo"]
[Date "1995.??.??"]
[Round "2"]
[White "Serper, Grigory"]
[Black "Komliakov, Viktor"]
[Result "1-0"]
[WhiteElo "2560"]
[BlackElo "2525"]
[Annotator "Nikitin,A"]
[PlyCount "72"]
[EventDate "1995.08.??"]
[EventType "tourn"]
[EventRounds "13"]
[EventCountry "RUS"]
[EventCategory "6"]
[SourceTitle "CBM 049 Extra"]
[Source "ChessBase"]
[SourceDate "1996.01.01"]
[SourceVersion "1"]
[SourceVersionDate "1996.01.01"]
[SourceQuality "1"]

1. e4 g6 2. d4 Bg7 3. c4 d6 4. Nc3 Nc6 5. Be3 e5 6. Nge2 exd4 7. Nxd4 Nge7 8.
Be2 O-O (8... f5 9. Nxc6 Nxc6 10. Qd2 fxe4 11. Nxe4 Qe7 12. Nc3 Be6 13. Nd5 Qf7
14. Rc1 Ne5 15. b3 O-O 16. O-O Rae8 $10 {Brunner,L-Hickl,J/Horgen/1994/}) 9. h4
(9. g4 f5 $1 10. gxf5 gxf5 11. Rg1 (11. exf5 Nxf5 (11... Nxd4 12. Bxd4 Nxf5 13.
Bxg7 Kxg7 14. Qd2 Be6 15. O-O-O Qh4 16. Rhg1+ Kh8 $13) 12. Nxf5 Bxf5 13. Qd2
Qh4 14. O-O-O Ne5 15. Rhg1 Rf7 16. c5 dxc5 17. Qd5 Re8 18. Bg5 Qb4 $13 {
Gurevich,D-Dobosz,H/Linares/1995/}) 11... f4 12. Nxc6 Nxc6 13. Bd4 Nxd4 14.
Qxd4 Qd7 $8 15. O-O-O Kh8 16. Qd2 Qf7 $13) (9. Qd2 f5 10. Nxc6 bxc6 11. exf5
Nxf5 12. Bg5 Qe8 13. O-O h6 14. Bf4 Be6 15. Rae1 Qf7 16. b3 Rae8 17. Bd1 Qf6
18. Ne4 Qd4 $10 {Sherbakov,R-Azmaiparashvili,Z/Moscow/1994/}) 9... f5 10. h5 f4
$5 11. Nxc6 bxc6 $8 12. Bd4 Bxd4 13. Qxd4 c5 14. Qd2 g5 15. O-O-O (15. g3 h6
16. gxf4 Rxf4 17. Nd5 Rf7 18. O-O-O Rb8 (18... Be6 19. e5 Bxd5 20. cxd5 Rf4 21.
Rhg1 dxe5 $13) 19. e5 $1 Nxd5 20. cxd5 dxe5 21. d6 Be6 $13 {Lautier,J-Benjamin,
J/Amsterdam/1994/}) 15... Be6 16. e5 $1 Nf5 $2 17. exd6 cxd6 18. Bd3 Nd4 19.
Ne2 $1 d5 $2 (19... Qf6 20. Be4 Nxe2+ 21. Qxe2 Rad8 $14) 20. Nxd4 cxd4 21. Qc2
Kh8 (21... dxc4 22. Bxh7+ Kh8 23. Qe4 Qf6 24. Rxd4 $16) 22. c5 $1 Rc8 23. Kb1
Rc7 24. Qe2 Qf6 25. Rhe1 Bf5 26. Qe5 Bxd3+ 27. Rxd3 Rxc5 28. Rxd4 h6 29. Rxd5
$16 Rxd5 30. Qxd5 Rd8 31. Qe4 a5 32. Rc1 Qd4 33. Qe6 Qd3+ 34. Ka1 Qd6 35. Qf5
a4 36. a3 Kg7 $138 1-0